Loading...
1 | 4 | 0 | 1 | 55 | 79 | 112.60 | 5 | 5 | |
Literature - American Literature | 1 | 2 | 0 | 0 | 35 | 50 | 82.67 | 3 | 3 |
Beliefs | 0 | 3 | 0 | 2 | 30 | 76 | 100.00 | 3 | 3 |
Fine Arts - Visual Fine Arts | 0 | 3 | 0 | 0 | 30 | 69 | 102.33 | 3 | 3 |
Literature - British Literature | 2 | 0 | 0 | 0 | 30 | 55 | 66.00 | 2 | 2 |
Literature - European Literature | 0 | 3 | 0 | 0 | 30 | 107 | 124.67 | 3 | 3 |
Science - Physics | 0 | 3 | 0 | 0 | 30 | 78 | 93.67 | 3 | 3 |
Social Science | 1 | 1 | 0 | 0 | 25 | 73 | 94.50 | 2 | 2 |
Philosophy | 0 | 2 | 0 | 0 | 20 | 76 | 89.50 | 2 | 2 |
Science - Biology | 0 | 2 | 0 | 0 | 20 | 96 | 107.00 | 2 | 2 |
History - World History | 0 | 2 | 0 | 2 | 20 | 129 | 130.50 | 2 | 2 |
History - American History | 0 | 2 | 0 | 0 | 20 | 93 | 95.50 | 2 | 2 |
Other Science: Computer Science | 1 | 0 | 0 | 0 | 15 | 60 | 60.00 | 1 | 1 |
Current Events | 0 | 1 | 0 | 0 | 10 | 94 | 94.00 | 1 | 1 |
Other Academic | 0 | 1 | 0 | 1 | 10 | 79 | 79.00 | 1 | 1 |
Other Science: Math | 1 | 0 | 1 | 0 | 10 | 26 | 26.00 | 1 | 1 |
Science - Chemistry | 0 | 1 | 0 | 0 | 10 | 108 | 108.00 | 1 | 1 |
Other Arts: Visual | 0 | 1 | 1 | 0 | 5 | 89 | 89.00 | 1 | 1 |
Fine Arts - Auditory Fine Arts | 0 | 1 | 1 | 1 | 5 | 131 | 131.00 | 1 | 1 |
Other Arts: Auditory | 0 | 0 | 1 | 0 | -5 | 0.00 | 0 | 0 |